Loading...
| Science - Other | 2 | 4 | 0 | 2 | 70 | 28 | 99.00 | 1 | 2 | 8.79 | 12.63 |
| Philosophy | 0 | 4 | 0 | 2 | 40 | 105 | 122.75 | 0 | 0 | 1.37 | 10.44 |
| Science - Physics | 2 | 3 | 4 | 0 | 40 | 32 | 78.40 | 2 | 2 | 20.42 | 36.82 |
| Beliefs | 0 | 3 | 0 | 0 | 30 | 102 | 108.00 | 0 | 1 | 2.72 | 8.00 |
| Literature - World | 0 | 3 | 0 | 1 | 30 | 126 | 139.67 | 0 | 0 | 1.27 | 7.26 |
| Fine Arts - Classical Music and Opera | 0 | 3 | 2 | 1 | 20 | 94 | 117.00 | 0 | 0 | 2.87 | 8.01 |
| History - American | 0 | 2 | 0 | 1 | 20 | 110 | 118.00 | 0 | 0 | 1.39 | 1.84 |
| Modern World | 0 | 1 | 0 | 1 | 10 | 119 | 119.00 | 0 | 0 | 0.21 | 2.50 |
| Science - Chemistry | 0 | 1 | 0 | 0 | 10 | 133 | 133.00 | 0 | 0 | 0.11 | 2.38 |
| Social Science | 0 | 1 | 0 | 0 | 10 | 88 | 88.00 | 0 | 0 | 1.27 | 2.73 |
| History - European | 0 | 1 | 1 | 0 | 5 | 142 | 142.00 | 0 | 1 | 0.43 | 6.43 |
| Literature - British | 0 | 1 | 1 | 0 | 5 | 98 | 98.00 | 0 | 0 | 2.54 | 4.17 |
| Visual Arts | 0 | 1 | 1 | 0 | 5 | 147 | 147.00 | 0 | 0 | 0.14 | 2.98 |
| Science - Biology | 0 | 0 | 0 | 0 | 0 | 0.00 | 0 | 0 | 0.00 | 0.00 | |
| Geography | 0 | 0 | 0 | 0 | 0 | 0.00 | 0 | 0 | 0.00 | 0.00 | |
| History - World | 0 | 1 | 2 | 1 | 0 | 132 | 132.00 | 0 | 0 | 0.05 | 0.60 |
| Fine Arts - Other Arts | 0 | 0 | 1 | 0 | -5 | 0.00 | 0 | 0 | 0.00 | 0.00 | |
| Other Academic | 0 | 0 | 1 | 0 | -5 | 0.00 | 0 | 0 | 0.00 | 0.00 | |
| History - Other | 0 | 0 | 1 | 0 | -5 | 0.00 | 0 | 0 | 0.00 | 0.00 |